Mi vaca de retahílas / (Registro nro. 7473)

Detalles MARC
000 -LIDER
fixed length control field 01353nam a2200373 i 4500
003 - IDENTIFICACDOR DE NÚMERO DE CONTROL
control field DO-SdBNP
005 - DATE AND TIME OF LATEST TRANSACTION
control field 20250304085820.0
007 - CAMPOS FIJOS DE DESCRIPCIÓN FÍSICA
fixed length control field ta
008 - ELEMENTOS DE LONGITUD FIJA
fixed length control field 221025b2019 dr ||||| |||| 00| 0 spa d
020 ## - ISBN
International Standard Book Number 9789945885033
040 ## - FUENTE DE CATALOGACIÓN
Agencia que crea de manera original el registro DO-SdBNP
Idioma de catalogación spa
Agencia que realiza la transcripción BPMSU
Convenciones de la despripción rda
082 #4 - NÚMERO DE CLASIFICACIÓN DECIMAL DE DEWEY
Classification number 793.7
Item number C764m 2019
Edition number 22
100 1# - ASIENTO PRINCIPAL -- NOMBRE PERSONAL
Nombre personal Contreras, Brunilda
Mención de responsabilidad autora
245 10 - MENCIÓN DE TITULO
Título Mi vaca de retahílas /
Mención de responsabilidad Brunilda Contreras ; ilustraciones, Laura Jiménez ; edición, Gabriela Herrera Cabral ; prólogo, Margarita Luciano López
250 ## - MENCIÓN DE EDICION
Mención de edición 4a ed.
264 #1 - PRODUCTION, PUBLICATION, DISTRIBUTION, MANUFACTURE, AND COPYRIGHT NOTICE
Place of production, publication, distribution, manufacture Santo Domingo :
Name of producer, publisher, distributor, manufacturer 3C Print,
Date of production, publication, distribution, manufacture, or copyright notice 2019.
300 ## - DESCRIPCIÓN FÍSICA
Extensión 50 páginas :
Otros detalles físicos ilustraciones ;
Dimensiones 19 cm.
336 ## - CONTENT TYPE
Source rdacontent
Content type term texto
Content type code txt
337 ## - MEDIA TYPE
Source rdamedia
Media type term sin mediación
Media type code n
338 ## - CARRIER TYPE
Source rdacarrier
Carrier type term volumen
Carrier type code nc
500 ## - NOTA GENERAL
Nota general Incluye datos biográficos de la autora en la contracubierta
586 ## - AWARDS NOTE
Awards note Premio Misael Valentino. Casa de la Obra Pía, Museo de la Habana
590 ## - NOTA LOCAL
Texto de la nota local Inventariado, 2022/BT
650 #4 - ENCABEZAMIENTO DE MATERIA--TEMÁTICO
Término temático o nombre geográfico como elemento de entrada Juegos infantiles dominicanos
650 #4 - ENCABEZAMIENTO DE MATERIA--TEMÁTICO
Término temático o nombre geográfico como elemento de entrada Adivinanzas
650 #4 - ENCABEZAMIENTO DE MATERIA--TEMÁTICO
Término temático o nombre geográfico como elemento de entrada Diversiones
650 #4 - ENCABEZAMIENTO DE MATERIA--TEMÁTICO
Término temático o nombre geográfico como elemento de entrada Juegos literarios
650 #4 - ENCABEZAMIENTO DE MATERIA--TEMÁTICO
Término temático o nombre geográfico como elemento de entrada Literatura infantil dominicana
700 1# - ASIENTO SECUNDARIO -- NOMBRE PERSONAL
Nombre personal Jiménez, Laura,
Mención de responsabilidad ilustraciones
700 1# - ASIENTO SECUNDARIO -- NOMBRE PERSONAL
Nombre personal Herrera Cabral, Gabriela,
Mención de responsabilidad edición
700 1# - ASIENTO SECUNDARIO -- NOMBRE PERSONAL
Nombre personal Luciano López, Margarita,
Mención de responsabilidad pról.
910 ## - VALIDACIÓN
Validación VMateo V. Control de calidad. BPMSU
942 ## - ADDED ENTRY ELEMENTS (KOHA)
Source of classification or shelving scheme Dewey Decimal Classification
Koha item type Libros
Existencias
Withdrawn status Lost status Source of classification or shelving scheme Damaged status Not for loan Collection code Home library Current library Date acquired Total Checkouts Full call number Barcode Date last seen Price effective from Koha item type Copy number
    Dewey Decimal Classification     Colección Infantil Dominicana Biblioteca Pública Metropolitana Salomé Ureña Biblioteca Pública Metropolitana Salomé Ureña 02/20/2015   BPMSU CDI 793.7 C764m 2019 BPMSU15040091 02/20/2015 02/20/2015 Libros  
    Dewey Decimal Classification     Colección Infantil Dominicana Biblioteca Pública Metropolitana Salomé Ureña Biblioteca Pública Metropolitana Salomé Ureña 02/20/2015   BPMSU CDI 793.7 C764m 2019 BPMSU15040092 02/20/2015 02/20/2015 Libros e. 2